Lanean...
Technological Change in Milk Production: A Review of Some Critical Issues with Reference to South Asia
| Egile nagusia: | |
|---|---|
| Formatua: | Printed Book |
| Argitaratua: |
Centre for Development Studies-WP125.
1981
|
| Sarrera elektronikoa: | http://10.26.1.76/ks/002952.pdf |
| LEADER | 004390000a22001210004500 | ||
|---|---|---|---|
| 100 | |a K. Narayanan Nair | ||
| 245 | |a Technological Change in Milk Production: A Review of Some Critical Issues with Reference to South Asia | ||
| 260 | |c 1981 | ||
| 260 | |b Centre for Development Studies-WP125. | ||
| 856 | |u http://10.26.1.76/ks/002952.pdf | ||
| 942 | |c KS | ||
| 999 | |c 72340 |d 72340 | ||
| 952 | |0 0 |1 0 |4 0 |7 0 |9 64304 |a MGUL |b MGUL |d 2015-08-01 |l 0 |r 2015-08-01 |w 2015-08-01 |y KS | ||